000 01089nas a2200337 4500
001 BR2018000172
003 BR-BrBNA
005 20231205131217.0
007 ta
008 230509b bl.|||p| |||| 00| 00por d
040 _aBR-BrBNA
_bpor
_cBiblioteca Nacional de Agricultura
041 _a(En)
072 _aF50; F60
100 1 _aDabadia, A.C.A.
100 1 _aSchumacher, P.V.
100 1 _aSilva, A.V. da
100 1 _aCosta Netto, A.P. da
100 1 _aCruz, S.C.S.
100 1 _aReis, E.F. dos
245 1 _aUse of pyraclostrobin on the nitrate assimilation and agronomic traits of the Pérola common bean cultivar
650 _aFEIJÃO
650 _aANATOMIA VEGETAL
650 _aFUNGICIDA
650 _aANÁLISE QUÍMICA
650 _aCRESCIMENTO
650 _aPRODUTIVIDADE
773 0 _tCientífica. Revista de Ciências Agrárias (Brazil)
_xISSN 1984-5529
_g(2017), v. 45(4) p. 383-391
_wBR2018000172
856 4 0 _uhttp://cientifica.org.br/index.php/cientifica/article/view/1005/608
909 _a202311
_bLúcia
_c55
_dLúcia Elande
942 _2AGRIS
_n0
_cANA
999 _c253588
_d253588